000 nam a22 a 4500
999 _c4784
_d4784
003 AKMAL
005 20190131095901.0
008 030602s2003 my e 000 0 may d
020 _a9789676113771
_cRM18.90
040 _aAKMAL
_cAKMAL
082 0 4 _a658.4012 YEO
_221
090 0 0 _a658.4012
_bYEO
100 1 _aYeoh, Michael
_96740
245 1 0 _aWawasan dan kepimpinan :
_bnilai dan strategi ke arah wawasan 2020 /
_cMichael Yeoh ; penterjemah Rahayu Ibrahim, Suziana Abd. Aziz
260 _aKuala Lumpur :
_bUtusan Publications & Distributors,
_c2003
300 0 0 _axi, 108ms. ;
_c25cm
500 _aKoleksi Peribadi YABhg. Tun Ahmad Sarji (2100287)
650 0 _aStrategic planning
_zMalaysia
_96741
650 0 _aIndustrial management
_zMalaysia
_96100
650 0 _aWawasan 2020
_98
700 0 _aRahayu Ibrahim
_9100
700 0 _aSuzana Abd. Aziz
_96742
942 _2ddc
_cBOOK